The History and culture of the Indian people : (Record no. 7485)
[ view plain ]
| 000 -LEADER | |
|---|---|
| fixed length control field | 01619cam a22003251 4500 |
| 001 - CONTROL NUMBER | |
| JCCL Control Number | 7485 |
| 003 - CONTROL NUMBER IDENTIFIER | |
| JCCL marc code | BD-JhCC |
| 005 - DATE AND TIME OF LATEST TRANSACTION | |
| control field | 20180301130732.0 |
| 008 - FIXED-LENGTH DATA ELEMENTS--GENERAL INFORMATION | |
| fixed length control field | 730726m19511969enkabcf b 000 0 eng |
| 035 ## - SYSTEM CONTROL NUMBER | |
| system control number | (BD-JhCC)7485 |
| 035 ## - SYSTEM CONTROL NUMBER | |
| system control number | (OCoLC)664485 |
| 040 ## - CATALOGING SOURCE | |
| Original cataloging agency | DLC |
| Transcribing agency | OWoC |
| Modifying agency | OCoLC |
| -- | OAkU |
| -- | OYU |
| -- | CLU |
| -- | DLC |
| -- | BD-JhCC |
| 041 ## - LANGUAGE CODE | |
| Language code of Book | eng |
| 050 00 - LIBRARY OF CONGRESS CALL NUMBER | |
| Classification number | DS436.A1 |
| Item number | H5 |
| 082 ## - DEWEY DECIMAL CLASSIFICATION NUMBER | |
| Classification number | 954 |
| Author mark and Year | HIS 1969 |
| 245 04 - TITLE STATEMENT | |
| Title | The History and culture of the Indian people : |
| Remainder of title | British paramountcy and Indian renaissance / |
| Statement of responsibility, etc | General editor: R.C. Majumdar; assistant editor: A.D. Pusalkar. |
| 260 ## - PUBLICATION, DISTRIBUTION, ETC. (IMPRINT) | |
| Place of publication, distribution, etc | London, |
| Name of publisher, distributor, etc | G. Allen & Unwin |
| Date of publication, distribution, etc | [1951-1969] |
| 300 ## - PHYSICAL DESCRIPTION | |
| Pagination | 11 v. |
| Other physical details | illus., plates, ports., maps. |
| Dimensions | 24 cm. |
| 500 ## - GENERAL NOTE | |
| General note | Half title, v. 1: The Bhāratīya Itihāsa Samiti's History and culture of the Indian people; v. 2- : Bharitiya Vidya Bhavan's History and culture of the Indian people. |
| 500 ## - GENERAL NOTE | |
| General note | Vols. 2- have imprint: Bombay, Bharatiza Vidya Bhavan. |
| 504 ## - BIBLIOGRAPHY, ETC. NOTE | |
| Bibliography, etc | Includes bibliographies. |
| 505 0# - FORMATTED CONTENTS NOTE | |
| Formatted contents note | v. 1. The Vedic age.--v. 2. The age of imperial unity.--v. 3. The classical age.--v. 4. The age of imperial Kanauj.--v. 5. The struggle for empire.--v. 6. The Delhi sultanate.--v. 7. The Mughal empire.--v. 8. The Maratha supremacy.--v. 9. British paramountcy and Indian renaissance, pt. 1.--v. 10. British paramountcy and Indian renaissance, pt. 2.--v. 11. Struggle for freedom. |
| 651 #0 - SUBJECT ADDED ENTRY--GEOGRAPHIC NAME | |
| Geographic name | India |
| General subdivision | History. |
| 651 #0 - SUBJECT ADDED ENTRY--GEOGRAPHIC NAME | |
| Geographic name | India |
| General subdivision | Civilization. |
| 700 1# - ADDED ENTRY--PERSONAL NAME | |
| Personal name | Majumdar, R. C. |
| Fuller form of name | (Ramesh Chandra), |
| Dates associated with a name | 1888-1980. |
| 710 2# - ADDED ENTRY--CORPORATE NAME | |
| Corporate name or jurisdiction name as entry element | Bharatiya Vidya Bhavan. |
| 710 2# - ADDED ENTRY--CORPORATE NAME | |
| Corporate name or jurisdiction name as entry element | Bhāratīya Itihāsa Samiti. |
| 942 ## - ADDED ENTRY ELEMENTS (KOHA) | |
| Source of classification or shelving scheme | Dewey Decimal Classification |
| Koha item type | Books |
| Source of classification or shelving scheme | Damaged status | Not for loan | Home library | Current library | Shelving location | Total Checkouts | Full call number | Barcode | Date last seen | Copy number | Koha item type | Date of accession |
|---|---|---|---|---|---|---|---|---|---|---|---|---|
| Dewey Decimal Classification | JCC Rouf Library | JCC Rouf Library | General Stacks | 954 HIS 1969 | 10112 | 02/10/2018 | C - 1 | Books | ||||
| Dewey Decimal Classification | JCC Rouf Library | JCC Rouf Library | General Stacks | 954 HIS 1969 | 11086 | 03/01/2018 | C-2 | Books | 03/01/2018 |